000 00663cam a2200241Ii 4500
001 96270
005 20230410132601.0
008 800606s1972 ve a 000 0 spa d
035 _a(OCoLC)ocm06392957
040 _aPIT
_cPIT
_dOCLCQ
029 1 _aZWZ
_b022680756
035 _a(OCoLC)6392957
050 1 4 _aPQ8550.18.U76
_bH967d 1972
049 _aGRAL
100 1 _aHurtado, Efraín.
245 1 0 _aA dos palmos apenas /
_cEfraín Hurtado ; [diseño y dibujos de Damaso Ogaz].
260 _aCaracas :
_bRocinante,
_c1972.
300 _a133 p. :
_bill. ;
_c21 cm.
490 0 _aSerie Babieca
942 _2lcc
_cbk
946 _amjcruz
994 _aC0
_bDRFGD
999 _c84119
_d84119